00461 2200181 4500001002100000005001500021008004100036020001800077035001900095041000700114082001100121090001700132100001800149245005200167260001800219300003200237650001000269INLIS00000000000060020241224112211241224||||||||| | ||| |||| || |  a979-8394-89-5 0010-1224000600 aid0 a297.19 a297.19 LOU s0 aLouay Fatoohi00aSejarah Bangsa Israel Dalam Bibel Dan Al-Qur'an bMizaniac2007 a360 hlm.; 23,5 cm x 15,6 cm 0aAgama